000 00244nam a22001097a 4500
020 _a978-81-203-2867-9
041 _aENG
100 _aMohanty.S.K
245 _aFundamentals to Entrepreneurship
260 _aDelhi
_bPHI learning
_c2019
300 _a187
999 _c47
_d47